LIBRARY & INFORMATION CENTRE, KCAET, TAVANUR

ONLINE PUBLIC ACCESS CATALOGUE (OPAC)

Normal view MARC view
  • Thesis

Entry Topical Term

Number of records used in: 8

001 - CONTROL NUMBER

  • control field: 2982

003 - CONTROL NUMBER IDENTIFIER

  • control field: OSt

005 - DATE AND TIME OF LATEST TRANSACTION

  • control field: 20180303120542.0

008 - FIXED-LENGTH DATA ELEMENTS

  • fixed length control field: 180303|| aca||aabn | a|a d

040 ## - CATALOGING SOURCE

  • Original cataloging agency: OSt
  • Transcribing agency: OSt

150 ## - HEADING--TOPICAL TERM

  • Topical term or geographic name as entry element: Thesis

670 ## - SOURCE DATA FOUND

  • Source citation: Work cat.: (OSt): SUSEELA, P 2981, Design, fabrication and evaluation of the operformance characteristics of hydraulic ram by varying the variouos parameters, 1989
free website counter